[Event "SB-2012-0-00231"]
[Site "LSS email"]
[Date "2012.06.03"]
[Round "?"]
[White "Milde, Lars"]
[Black "Wicklund Hansen, Gunnar"]
[Result "1-0"]
[WhiteElo "2033"]
[BlackElo "1771"]
[PlyCount "49"]
[EventDate "2012.04.28"]
[EventType "tourn (corr)"]
[EventRounds "6"]
[EventCountry "GER"]
[SourceTitle "Telechess CBM 161"]
[Source "ChessBase"]
[SourceDate "2014.07.16"]
[SourceVersion "1"]
[SourceVersionDate "2014.07.16"]
[SourceQuality "1"]

1. e4 e6 2. d4 d5 3. Nc3 Bb4 4. e5 c5 5. a3 Bxc3+ 6. bxc3 Ne7 7. Qg4 0-0 8. Bd3 Nbc6 9. Qh5 Ng6 10. Nf3 Nce7 11. h4 cxd4 12. cxd4 Nf5 13. g4 Nfe7 14. Bd2 Bd7 15. 0-0 Ba4 16. Rab1 Qd7 17. Ng5 h6 18. Nh3 Rfc8 19. c3 Nf8 20. f4 a6 21. f5 exf5 22. gxf5 Bb5 23. Nf4 Rc7 24. Rxb5 axb5 25. f6 1-0

[Event "SB-2012-0-00231"]
[Site "LSS email"]
[Date "2012.06.03"]
[Round "?"]
[White "Wicklund Hansen, Gunnar"]
[Black "Tyutyunnik, Roman"]
[Result "0-1"]
[WhiteElo "1771"]
[BlackElo "1969"]
[PlyCount "54"]
[EventDate "2012.04.28"]
[EventType "tourn (corr)"]
[EventRounds "6"]
[EventCountry "GER"]
[SourceTitle "Telechess CBM 161"]
[Source "ChessBase"]
[SourceDate "2014.07.16"]
[SourceVersion "1"]
[SourceVersionDate "2014.07.16"]
[SourceQuality "1"]

1. c4 Nf6 2. Nc3 g6 3. e4 d6 4. d4 Bg7 5. Nf3 0-0 6. Be2 e5 7. dxe5 dxe5 8. Qxd8 Rxd8 9. Bg5 Re8 10. Nd5 Nxd5 11. cxd5 c6 12. d6 f6 13. Bd2 Be6 14. 0-0-0 Bxa2 15. Kc2 Be6 16. Be3 Rd8 17. Rd2 Bf8 18. Rhd1 c5 19. Bb5 a6 20. Be2 b6 21. b4 cxb4 22. Bxb6 Rc8+ 23. Kb1 Nd7 24. Bc7 Nc5 25. Bd3 Na4 26. Rg1 a5 27. g3 Nc3+ 0-1

[Event "SB-2012-0-00231"]
[Site "LSS email"]
[Date "2012.06.03"]
[Round "?"]
[White "Wicklund Hansen, Gunnar"]
[Black "Van Bommel, Ton"]
[Result "0-1"]
[WhiteElo "1771"]
[BlackElo "2059"]
[PlyCount "78"]
[EventDate "2012.04.28"]
[EventType "tourn (corr)"]
[EventRounds "6"]
[EventCountry "GER"]
[SourceTitle "Telechess CBM 161"]
[Source "ChessBase"]
[SourceDate "2014.07.16"]
[SourceVersion "1"]
[SourceVersionDate "2014.07.16"]
[SourceQuality "1"]

1. c4 e6 2. e4 d5 3. cxd5 exd5 4. exd5 Nf6 5. Nc3 Nxd5 6. Bc4 Nb6 7. Bb3 Nc6 8. Nge2 Bc5 9. 0-0 0-0 10. d3 a5 11. Be3 Bxe3 12. fxe3 Qe7 13. e4 Bg4 14. Qd2 Rad8 15. Nf4 Nd4 16. h3 Bc8 17. Rac1 Nxb3 18. axb3 c6 19. Rf2 Qb4 20. Ra1 f5 21. e5 Qxb3 22. Qe3 Qb4 23. e6 Rde8 24. Na2 Qb3 25. Nc3 Bxe6 26. Qc5 Bc8 27. Qxa5 Nd7 28. d4 g5 29. Nd3 Qc4 30. Qa2 Qxa2 31. Rxa2 Nf6 32. Ra4 Re3 33. Rf3 Rxf3 34. gxf3 Kf7 35. f4 g4 36. Ne5+ Ke6 37. Ra8 Kd6 38. hxg4 fxg4 39. b4 Ke7 0-1

[Event "SB-2012-0-00218"]
[Site "LSS email"]
[Date "2012.03.18"]
[Round "?"]
[White "Kroes, Friso"]
[Black "Wicklund Hansen, Gunnar"]
[Result "1-0"]
[WhiteElo "1682"]
[BlackElo "1771"]
[PlyCount "97"]
[EventDate "2012.03.02"]
[EventType "tourn (corr)"]
[EventRounds "6"]
[EventCountry "GER"]
[SourceTitle "Telechess CBM 159"]
[Source "ChessBase"]
[SourceDate "2014.03.17"]
[SourceVersion "1"]
[SourceVersionDate "2014.03.17"]
[SourceQuality "1"]

1. e4 e6 2. d4 d5 3. Nd2 c5 4. exd5 exd5 5. Ngf3 Nc6 6. Bb5 Bd6 7. 0-0 cxd4 8. Nb3 Nge7 9. Nbxd4 0-0 10. c3 Nxd4 11. Nxd4 a6 12. Ba4 Nc6 13. Re1 Bd7 14. Bb3 Qa5 15. Nf3 Be6 16. Ng5 Bf5 17. Qxd5 Rad8 18. g3 Bc7 19. Qc4 Bd3 20. Qg4 Ne5 21. Qb4 Qxb4 22. cxb4 Nc6 23. Bd2 Nd4 24. Bd1 Rfe8 25. Rxe8+ Rxe8 26. Nf3 Bb6 27. Be3 Nxf3+ 28. Bxf3 Bxe3 29. fxe3 Be4 30. Kf2 f5 31. Rc1 Kf7 32. b5 axb5 33. Bxe4 fxe4 34. Rc7+ Kf6 35. Rxb7 Re5 36. g4 Rd5 37. Kg3 h5 38. h3 hxg4 39. Kxg4 Rg5+ 40. Kf4 Rh5 41. Rb6+ Kf7 42. Kxe4 Rh4+ 43. Kd5 Rxh3 44. Rxb5 Rxe3 45. a4 Kf6 46. Rb6+ Kf5 47. b4 Re5+ 48. Kc4 g5 49. a5 1-0

[Event "SB-2012-0-00218"]
[Site "LSS email"]
[Date "2012.03.18"]
[Round "?"]
[White "Sukhanitskij, Stanislav"]
[Black "Wicklund Hansen, Gunnar"]
[Result "1/2-1/2"]
[WhiteElo "1989"]
[BlackElo "1771"]
[PlyCount "41"]
[EventDate "2012.03.02"]
[EventType "tourn (corr)"]
[EventRounds "6"]
[EventCountry "GER"]
[SourceTitle "Telechess CBM 159"]
[Source "ChessBase"]
[SourceDate "2014.03.17"]
[SourceVersion "1"]
[SourceVersionDate "2014.03.17"]
[SourceQuality "1"]

1. e4 e6 2. d4 d5 3. Nc3 Bb4 4. e5 c5 5. a3 Bxc3+ 6. bxc3 Ne7 7. Qg4 0-0 8. Bd3 Nbc6 9. Qh5 Ng6 10. Nf3 Qc7 11. Be3 c4 12. Bxg6 fxg6 13. Qg4 Qf7 14. Ng5 Qe8 15. h4 h6 16. Nh3 b5 17. Qe2 Bd7 18. g4 Qd8 19. Nf4 Ne7 20. Qd2 Rb8 21. 0-0 1/2-1/2

[Event "SB-2012-0-00218"]
[Site "LSS email"]
[Date "2012.03.18"]
[Round "?"]
[White "Wicklund Hansen, Gunnar"]
[Black "Vodicka, Milan"]
[Result "1/2-1/2"]
[WhiteElo "1771"]
[BlackElo "1950"]
[PlyCount "69"]
[EventDate "2012.03.02"]
[EventType "tourn (corr)"]
[EventRounds "6"]
[EventCountry "GER"]
[SourceTitle "Telechess CBM 159"]
[Source "ChessBase"]
[SourceDate "2014.03.17"]
[SourceVersion "1"]
[SourceVersionDate "2014.03.17"]
[SourceQuality "1"]

1. c4 Nf6 2. Nc3 e5 3. g3 Nc6 4. Bg2 Bc5 5. d3 0-0 6. Nf3 h6 7. 0-0 d6 8. Bd2 Re8 9. Qb3 Nd4 10. Nxd4 exd4 11. Ne4 Nxe4 12. Bxe4 a5 13. Rfe1 c6 14. Bf3 Qf6 15. Kg2 Ra6 16. Qc2 Be6 17. Qa4 Ra7 18. Rab1 Qd8 19. Qc2 Ra8 20. e3 dxe3 21. Bxe3 Bb4 22. Bd2 Qd7 23. Bxb4 axb4 24. Qb3 b5 25. Rbc1 Rec8 26. Kg1 Rcb8 27. Re3 Ra6 28. Rce1 Raa8 29. R3e2 Ra5 30. Qxb4 Rxa2 31. c5 Ra4 32. Qc3 d5 33. d4 Rba8 34. Qd3 Ra2 35. Kg2 1/2-1/2

[Event "SB-2012-0-00211"]
[Site "LSS email"]
[Date "2012.02.12"]
[Round "?"]
[White "Koronowski, Heinz Juergen"]
[Black "Wicklund Hansen, Gunnar"]
[Result "1-0"]
[WhiteElo "1928"]
[BlackElo "1843"]
[PlyCount "55"]
[EventDate "2012.01.22"]
[EventType "tourn (corr)"]
[EventRounds "6"]
[EventCountry "GER"]
[SourceTitle "Telechess CBM 153"]
[Source "ChessBase"]
[SourceDate "2013.03.14"]
[SourceVersion "1"]
[SourceVersionDate "2013.03.14"]
[SourceQuality "1"]

1. e4 c5 2. Nf3 d6 3. d4 cxd4 4. Nxd4 Nf6 5. Nc3 a6 6. Be3 e5 7. Nb3 Be6 8. Qd2 Be7 9. f3 0-0 10. 0-0-0 Nbd7 11. g4 b5 12. g5 b4 13. gxf6 Nxf6 14. Nd5 Bxd5 15. exd5 a5 16. Nc5 a4 17. Kb1 dxc5 18. d6 Re8 19. dxe7 Qxe7 20. Qf2 Rec8 21. Bc4 a3 22. Rhg1 axb2 23. Qh4 Rd8 24. Rxd8+ Rxd8 25. Qg5 g6 26. f4 Rd7 27. Qxe5 Nd5 28. Bxd5 1-0

[Event "SB-2012-0-00211"]
[Site "LSS email"]
[Date "2012.02.12"]
[Round "?"]
[White "Wicklund Hansen, Gunnar"]
[Black "Krakovsky, Peter"]
[Result "1/2-1/2"]
[WhiteElo "1843"]
[BlackElo "1962"]
[PlyCount "43"]
[EventDate "2012.01.22"]
[EventType "tourn (corr)"]
[EventRounds "6"]
[EventCountry "GER"]
[SourceTitle "Telechess CBM 153"]
[Source "ChessBase"]
[SourceDate "2013.03.14"]
[SourceVersion "1"]
[SourceVersionDate "2013.03.14"]
[SourceQuality "1"]

1. e4 e5 2. Nf3 Nc6 3. Bb5 a6 4. Ba4 Nf6 5. 0-0 Be7 6. Re1 b5 7. Bb3 0-0 8. c3 d6 9. h3 Nb8 10. d4 Nbd7 11. Nbd2 Bb7 12. Bc2 Re8 13. Nf1 Bf8 14. Ng3 g6 15. a4 c5 16. d5 c4 17. Bg5 Bg7 18. Qd2 Nc5 19. Bh6 Bxh6 20. Qxh6 Qe7 21. Qg5 Nfd7 22. Qxe7 1/2-1/2

[Event "CP-2011-P-00042"]
[Site "LSS email"]
[Date "2011.09.30"]
[Round "?"]
[White "Santos, Maria Cristina"]
[Black "Wicklund Hansen, Gunnar"]
[Result "1/2-1/2"]
[WhiteElo "1510"]
[BlackElo "1802"]
[PlyCount "71"]
[EventDate "2011.10.01"]
[EventType "tourn (corr)"]
[EventRounds "6"]
[EventCountry "GER"]
[SourceTitle "Telechess CBM 165"]
[Source "ChessBase"]
[SourceDate "2015.03.11"]
[SourceVersion "1"]
[SourceVersionDate "2015.03.11"]
[SourceQuality "1"]

1. d4 Nf6 2. c4 e6 3. Nc3 Bb4 4. Bg5 c5 5. d5 d6 6. e4 h6 7. Bd2 0-0 8. Bd3 exd5 9. cxd5 Bxc3 10. Bxc3 Re8 11. Ne2 Nxe4 12. Bxe4 Rxe4 13. 0-0 Nd7 14. Ng3 Re8 15. Qc2 Nf6 16. Qd3 Bd7 17. Rae1 Rf8 18. h3 Ne8 19. f4 b5 20. f5 b4 21. Bxg7 c4 22. Qxc4 Kxg7 23. f6+ Nxf6 24. Qd4 Qb6 25. Nh5+ Kg6 26. Qxb6 axb6 27. Nxf6 Bf5 28. Ne4 Bxe4 29. Rxe4 Rxa2 30. Rg4+ Kh7 31. Rxb4 Ra5 32. Rxb6 Rxd5 33. Rf6 Kg7 34. Rfxd6 Rxd6 35. Rxd6 Rb8 36. Rd2 1/2-1/2

[Event "SB-2011-0-00162"]
[Site "LSS email"]
[Date "2011.06.20"]
[Round "?"]
[White "Bartsch, Christian"]
[Black "Wicklund Hansen, Gunnar"]
[Result "1-0"]
[WhiteElo "1886"]
[BlackElo "1835"]
[PlyCount "61"]
[EventDate "2011.06.05"]
[EventType "tourn (corr)"]
[EventRounds "6"]
[EventCountry "GER"]
[SourceTitle "Telechess CBM 155"]
[Source "ChessBase"]
[SourceDate "2013.07.16"]
[SourceVersion "1"]
[SourceVersionDate "2013.07.16"]
[SourceQuality "1"]

1. d4 Nf6 2. Nf3 d5 3. e3 e6 4. Bd3 Bd6 5. Nbd2 0-0 6. 0-0 Nc6 7. c4 a5 8. a3 Re8 9. Qc2 h6 10. e4 dxe4 11. Nxe4 Nxe4 12. Bxe4 f5 13. Bxc6 bxc6 14. Be3 Bb7 15. c5 Be7 16. Rfe1 Bf6 17. Bf4 Ba6 18. Re3 Re7 19. Rae1 Qd5 20. Be5 Bc8 21. b3 Rf7 22. h4 Rb8 23. h5 Ra8 24. Qd2 a4 25. b4 Ba6 26. Bxf6 Rxf6 27. Ne5 Rd8 28. Ng6 Qxd4 29. Qxd4 Rxd4 30. Rxe6 Bb5 31. Re8+ 1-0

[Event "SB-2011-0-00162"]
[Site "LSS email"]
[Date "2011.06.20"]
[Round "?"]
[White "Wicklund Hansen, Gunnar"]
[Black "Egorov, Vladimir Alekseevic"]
[Result "1-0"]
[WhiteElo "1835"]
[BlackElo "1967"]
[PlyCount "69"]
[EventDate "2011.06.05"]
[EventType "tourn (corr)"]
[EventRounds "6"]
[EventCountry "GER"]
[SourceTitle "Telechess CBM 155"]
[Source "ChessBase"]
[SourceDate "2013.07.16"]
[SourceVersion "1"]
[SourceVersionDate "2013.07.16"]
[SourceQuality "1"]

1. e4 c6 2. d4 d5 3. e5 Bf5 4. Nc3 e6 5. g4 Bg6 6. Nge2 c5 7. h4 h5 8. Nf4 Bh7 9. Nxh5 Nc6 10. dxc5 Bxc5 11. Bb5 Qc7 12. 0-0 Kf8 13. Bxc6 Qxc6 14. Bg5 Rc8 15. a4 a6 16. a5 Be7 17. Qd2 Qd7 18. Rfc1 Bb4 19. f3 Rc7 20. Kg2 Rc4 21. Qf2 Be7 22. Bd2 Qd8 23. Ra4 Bxh4 24. Qa7 Rc7 25. Rb4 Qc8 26. g5 Bg6 27. Nf4 Ne7 28. Nxg6+ Nxg6 29. Rh1 Kg8 30. Qe3 Rh5 31. Qb6 Rxg5+ 32. Bxg5 Bxg5 33. Qd4 Rc5 34. Rb3 Bf4 35. Rh5 1-0